000 00582nam a22002177a 4500
003 UA-OsUOA
001 81876
007 ta
008 20120209b un ||||| |||| 00| 0 ukr d
100 _aБеценко Т.
090 _a82
_bБ56
942 _cSA
040 _aUA-OsUOA
_bukr
_cUA-OsUOA
_dUA-OsUOA
245 _aАспекти дослідження народного героїчного епосу
300 _aС.51-65
955 _a0
041 _aukr
080 _a82
773 0 _w81872
650 7 _a82 Література. Літературознавство
_2UDC
999 _c368188
_d368188